Inorganic chemistry (Record no. 394533)

MARC details
000 -LEADER
fixed length control field 00454 a2200181 4500
005 - DATE & TIME
control field 20260128102528.0
008 - FIXED-LENGTH DATA ELEMENTS--GENERAL INFORMATION
fixed length control field 260127b |||||||| |||| 00| 0 eng d
020 ## - ISBN
International Standard Book Number 9789355245625
Price Rs. 3095.00
040 ## - CATALOGING SOURCE
Original cataloging agency VIVEKANANDA LIBRARY
082 ## - DDC NUMBER
Classification number 546
Book Number Y11I
100 ## - MAIN ENTRY--PERSONAL NAME
Personal name Yadav, Ankita
245 ## - TITLE STATEMENT
Title Inorganic chemistry
260 ## - PUBLICATION, DISTRIBUTION, ETC. (IMPRINT)
Name of publisher, distributor, etc Oxford Book Campany
Date of publication, distribution, etc 2025
Place of publication, distribution, etc Jaipur
300 ## - PHYSICAL DESCRIPTION
Pages x, 334
650 ## - Subject
Subject Chemistry
650 ## - Subject
Subject Chemistry-Inorganic
942 ## - ADDED ENTRY ELEMENTS (KOHA)
Koha item type Books
Holdings
Withdrawn status Lost status Source of classification or shelving scheme Damaged status Not for loan Location (home branch) Sublocation or collection (holding branch) Shelving location Date acquired Koha issues (times borrowed) Koha full call number Accession No. Koha date last seen Koha item type
    Dewey Decimal Classification     VIVEKANANDA LIBRARY VIVEKANANDA LIBRARY Vivekananda Library 07/01/2026   546 Y11I 443946 07/01/2026 Books
    Dewey Decimal Classification     VIVEKANANDA LIBRARY VIVEKANANDA LIBRARY Vivekananda Library 07/01/2026   546 Y11I 443947 07/01/2026 Books
© Designed and Maintained by Vivekananda Library, MDU Rohtak